| 000 | 01473nam a22002537a 4500 | ||
|---|---|---|---|
| 003 | AR-RoUNCS | ||
| 005 | 20260206104143.0 | ||
| 008 | 050623s2001 ag gr 001 f spa | ||
| 015 | _aAR-2001 | ||
| 020 | _a950-511-694-2 | ||
| 040 |
_aAR-BaBN _bspa _cAR-RoUNCS _eaacr |
||
| 044 |
_aag _car-c |
||
| 080 | 1 |
_a82-32(82) _22016 |
|
| 100 | 1 |
_aBelgrano Rawson, Eduardo, _d1943- _eautor _4aut |
|
| 245 | 1 | 0 |
_aSetembrada / _cEduardo Belgrano Rawson. |
| 250 | _a1a ed. | ||
| 260 |
_aBuenos Aires : _bAlfaguara, _c2001. |
||
| 300 |
_a173 p. ; _c22 cm. |
||
| 520 | 3 |
_aCada mañana, un globo cautivo levanta vuelo a través del manto neblinoso para observar la mayor guerra librada en América […]. Una patrulla debe internarse en la selva para volar la fortaleza enemiga. Sus cuatro integrantes conforman una extraña hermandad. Bebeto añora su guitarra perdida; el Chino y su novia, Silvaninha, sueñan con abrir una cantina detrás de las trincheras; Universo, que fue maestro y ahora es desertor, busca sin descanso a sus pequeños alumnos, finalmente convertidos en máquinas de matar. Un relato cautivante sobre la amistad y la guerra. Una historia de amor conmovedora, que atrapa al lector y confirma el estilo único de un escritor insoslayable. _c(Descripción del editor). |
|
| 561 | 1 |
_3Inventario 01257527: _5AR-BaBN |
|
| 650 | 7 |
_2embne _aLiteratura argentina |
|
| 655 | 4 | _aNovelas históricas | |
| 942 |
_2udc _cLPD _n0 |
||
| 999 |
_c881 _d881 |
||